00461nam a2200181Ia 4500003000900000008004100009020000700050040001600057080001600073100001800089245002700107260003500134300000900169490005300178650001300231650001600244650001900260IN-BaIIA211028s9999 xx 000 0 eng d aNO cIIA Library a533.27bPEN aPenman, H. L. 0aHumiditycH. L. Penman aLondonbChapman and Hallc1955 a71p. aThe Institute of Physics Monographs for Students aHumidity aMeteorology aNASA Thesaurus